<?xml version="1.0" encoding="UTF-8"?>
<record
    xmlns:xsi="http://www.w3.org/2001/XMLSchema-instance"
    xsi:schemaLocation="http://www.loc.gov/MARC21/slim http://www.loc.gov/standards/marcxml/schema/MARC21slim.xsd"
    xmlns="http://www.loc.gov/MARC21/slim">

  <leader>01511cam a2200337u  4500</leader>
  <controlfield tag="001">ne 68004155 </controlfield>
  <controlfield tag="003">DLC</controlfield>
  <controlfield tag="005">20260227111849.0</controlfield>
  <controlfield tag="008">851003s1966    ir bc         000 0 per  </controlfield>
  <datafield tag="010" ind1=" " ind2=" ">
    <subfield code="a">ne 68004155 </subfield>
  </datafield>
  <datafield tag="040" ind1=" " ind2=" ">
    <subfield code="a">DLC</subfield>
    <subfield code="c">CarP</subfield>
    <subfield code="d">DLC</subfield>
  </datafield>
  <datafield tag="043" ind1=" " ind2=" ">
    <subfield code="a">a-ir---</subfield>
  </datafield>
  <datafield tag="050" ind1="0" ind2="0">
    <subfield code="a">KMH3366.5</subfield>
    <subfield code="b">.K58 1966</subfield>
  </datafield>
  <datafield tag="066" ind1=" " ind2=" ">
    <subfield code="c">(3</subfield>
    <subfield code="c">(4</subfield>
  </datafield>
  <datafield tag="245" ind1="0" ind2="0">
    <subfield code="6">880-01</subfield>
    <subfield code="a">Kit&#x101;b-i sif&#x12B;d :</subfield>
    <subfield code="b">t&#x101;r&#x12B;khchah va matn-i qar&#x101;rd&#x101;dh&#x101;-yi marb&#x16B;&#x1E6D; bih naft-i &#x12A;r&#x101;n.</subfield>
  </datafield>
  <datafield tag="246" ind1="3" ind2="0">
    <subfield code="6">880-02</subfield>
    <subfield code="a">Naft-i &#x12A;r&#x101;n</subfield>
  </datafield>
  <datafield tag="246" ind1="3" ind2="0">
    <subfield code="6">880-03</subfield>
    <subfield code="a">T&#x101;r&#x12B;khchah va matn-i qar&#x101;rd&#x101;dh&#x101;-yi marb&#x16B;&#x1E6D; bih naft-i &#x12A;r&#x101;n.</subfield>
  </datafield>
  <datafield tag="260" ind1=" " ind2=" ">
    <subfield code="6">880-04</subfield>
    <subfield code="a">[Iran] :</subfield>
    <subfield code="b">shirkat-i Mill&#x12B;-i Naft-i &#x12A;r&#x101;n,</subfield>
    <subfield code="c">1344 [1966]</subfield>
  </datafield>
  <datafield tag="300" ind1=" " ind2=" ">
    <subfield code="a">320 p.</subfield>
    <subfield code="b">col. map, ports.</subfield>
    <subfield code="c">29 cm.</subfield>
  </datafield>
  <datafield tag="500" ind1=" " ind2=" ">
    <subfield code="a">Romanized.</subfield>
  </datafield>
  <datafield tag="500" ind1=" " ind2=" ">
    <subfield code="a">ctl: lan-per</subfield>
  </datafield>
  <datafield tag="650" ind1=" " ind2="0">
    <subfield code="a">Petroleum law and legislation</subfield>
    <subfield code="z">Iran.</subfield>
  </datafield>
  <datafield tag="710" ind1="2" ind2=" ">
    <subfield code="6">880-05</subfield>
    <subfield code="a">Shirkat-i Mill&#x12B;-i Naft-i &#x12A;r&#x101;n.</subfield>
  </datafield>
  <datafield tag="740" ind1="0" ind2=" ">
    <subfield code="6">880-06</subfield>
    <subfield code="a">T&#x101;r&#x12B;khchah va matn-i qar&#x101;rd&#x101;dh&#x101;-yi marb&#x16B;&#x1E6D; bih naft-i Ir&#x101;n.</subfield>
  </datafield>
  <datafield tag="880" ind1="0" ind2="0">
    <subfield code="6">245-01/(4/r</subfield>
    <subfield code="a">&#x6A9;&#x62A;&#x627;&#x628; &#x633;&#x641;&#x64A;&#x62F; :</subfield>
    <subfield code="b">&#x62A;&#x627;&#x631;&#x64A;&#x62E;&#x686;&#x647; &#x648; &#x645;&#x62A;&#x646; &#x642;&#x631;&#x627;&#x631;&#x62F;&#x627;&#x62F;&#x647;&#x627;&#x649; &#x645;&#x631;&#x628;&#x648;&#x637; &#x628;&#x647; &#x646;&#x641;&#x62A; &#x627;&#x64A;&#x631;&#x627;&#x646;.</subfield>
  </datafield>
  <datafield tag="880" ind1="3" ind2="0">
    <subfield code="6">246-02/(3/r</subfield>
    <subfield code="a">&#x646;&#x641;&#x62A; &#x627;&#x64A;&#x631;&#x627;&#x646;</subfield>
  </datafield>
  <datafield tag="880" ind1="3" ind2="0">
    <subfield code="6">246-03/(3/r</subfield>
    <subfield code="a">&#x62A;&#x627;&#x631;&#x64A;&#x62E;&#x686;&#x647; &#x648; &#x645;&#x62A;&#x646; &#x642;&#x631;&#x627;&#x631;&#x62F;&#x627;&#x62F;&#x647;&#x627;&#x649; &#x645;&#x631;&#x628;&#x648;&#x637; &#x628;&#x647; &#x646;&#x641;&#x62A; &#x627;&#x64A;&#x631;&#x627;&#x646;.</subfield>
  </datafield>
  <datafield tag="880" ind1=" " ind2=" ">
    <subfield code="6">260-04/(3/r</subfield>
    <subfield code="a">[&#x627;&#x649;&#x631;&#x627;&#x646;] :</subfield>
    <subfield code="b">&#x634;&#x631;&#x6A9;&#x62A; &#x645;&#x644;&#x649; &#x646;&#x641;&#x62A; &#x627;&#x64A;&#x631;&#x627;&#x646;&#x60C;</subfield>
    <subfield code="c">1344 [1966].</subfield>
  </datafield>
  <datafield tag="880" ind1="2" ind2=" ">
    <subfield code="6">710-05/(3/r</subfield>
    <subfield code="a">&#x634;&#x631;&#x6A9;&#x62A; &#x645;&#x644;&#x649; &#x646;&#x641;&#x62A; &#x627;&#x649;&#x631;&#x627;&#x646;.</subfield>
  </datafield>
  <datafield tag="880" ind1="0" ind2=" ">
    <subfield code="6">740-06/(3/r</subfield>
    <subfield code="a">&#x62A;&#x627;&#x631;&#x64A;&#x62E;&#x686;&#x647; &#x648; &#x645;&#x62A;&#x646; &#x642;&#x631;&#x627;&#x631;&#x62F;&#x627;&#x62F;&#x647;&#x627;&#x649; &#x645;&#x631;&#x628;&#x648;&#x637; &#x628;&#x647; &#x646;&#x641;&#x62A; &#x627;&#x649;&#x631;&#x627;&#x646;.</subfield>
  </datafield>
  <datafield tag="999" ind1=" " ind2=" ">
    <subfield code="c">50956</subfield>
    <subfield code="d">50956</subfield>
  </datafield>
</record>
